Digital Library and Science (Record no. 1941)

MARC details
000 -LEADER
fixed length control field 00477nam a22002057a 4500
001 - CONTROL NUMBER
control field 1941
003 - CONTROL NUMBER IDENTIFIER
control field GCW Jind
005 - DATE AND TIME OF LATEST TRANSACTION
control field 20260410134323.0
008 - FIXED-LENGTH DATA ELEMENTS--GENERAL INFORMATION
fixed length control field 202604b |||||||| |||| 00| 0 eng d
020 ## - INTERNATIONAL STANDARD BOOK NUMBER
International Standard Book Number 978-123-456-76
040 ## - CATALOGING SOURCE
Original cataloging agency PIGCW Jind
Transcribing agency PIGCW jind
082 ## - DEWEY DECIMAL CLASSIFICATION NUMBER
Classification number 025.3
100 ## - MAIN ENTRY--PERSONAL NAME
Personal name Singh P.K.
245 ## - TITLE STATEMENT
Title Digital Library and Science
250 ## - EDITION STATEMENT
Edition statement 3rd
260 ## - PUBLICATION, DISTRIBUTION, ETC.
Place of publication, distribution, etc. Delhi
Name of publisher, distributor, etc. ABC Publication
300 ## - PHYSICAL DESCRIPTION
Extent 250
650 ## - SUBJECT ADDED ENTRY--TOPICAL TERM
Topical term or geographic name entry element Library Science
942 ## - ADDED ENTRY ELEMENTS (KOHA)
Source of classification or shelving scheme Dewey Decimal Classification
Koha item type BOOKS
Suppress in OPAC No

No items available.